[Event "Final Campeonato de Chile 2009-2010"]
[Site "Club de Ajedrez "]
[Date "2010-02-18"]
[Round "1"]
[White "Valdés Escobar, Álvaro Daniel"]
[Black "Páez Medina, Guillermo Alejandro"]
[Result "0-1"]
[WhiteElo "2361"]
[BlackElo "2086"]

 1.c4 e5 2.Nc3 Nf6 3.Nf3 Nc6 4.e3 Bb4 5.Qc2 O-O 6.Nd5 Re8 7.Qf5 d6 8.Nxf6+ gxf6 9.Qh5 e4 10.Nd4 Nxd4 11.exd4 c5 12.d5 e3 13.fxe3 Rxe3+ 14.Kd1 Re5 15.Qh4 Qd7 16.Be2 Qe7 17.Bd3 Bf5 18.Bxf5 Rxf5 19.Re1 Re5 20.Rf1 Rg5 21.Qf2 Re8 22.a3 Ba5 23.d3 Rf5 24.Bf4 Rxf4 25.Qg3+ Kf8 26.Rxf4 Qe2+ 27.Kc1 Qd2+ 28.Kb1 Re2

[Event "Final Campeonato de Chile 2009-2010"]
[Site "Club de Ajedrez "]
[Date "2010-02-18"]
[Round "1"]
[White "García Cardenas, Pablo"]
[Black "Mesias Rojas, Rabindranath"]
[Result "0-1"]
[WhiteElo "2324"]
[BlackElo "2168"]

 1.c4 e6 2.Nf3 d5 3.g3 Nf6 4.Bg2 Be7 5.O-O O-O 6.d4 dxc4 7.Qa4 a6 8.Qxc4 b5 9.Qc2 Bb7 10.Rd1 Qc8 11.Bg5 c5 12.Nbd2 cxd4 13.Qxc8 Rxc8 14.Nxd4 Bxg2 15.Kxg2 Nc6 16.Nxc6 Rxc6 17.Rac1 Rac8 18.Rxc6 Rxc6 19.Ne4 Rc2 20.Rd2 Rxd2 21.Nxd2 Nd5 22.Bxe7 Nxe7 23.Kf3 Nc6 24.Nb3 Kf8 25.Nc5 a5 26.Ke3 Ke7 27.a4 bxa4 28.Kd3 Ne5+ 29.Kd4 Ng4 30.Nd3 Nxh2 31.Kc5 g5 32.Kb5 h5 33.Kxa4 h4 34.gxh4 gxh4 35.Kxa5 Ng4 36.f3 Ne3 37.Nf2 Kd6 38.b4 Ke5 39.b5 Kf4 40.Ng4 h3 41.b6 Nc4+ 42.Kb5 Nxb6 43.Kxb6 f5 44.Nf2 h2 45.Nh1 Ke3 46.Kc5 Kxe2 47.f4 Kf3 48.Kd4 Kxf4 49.Kd3 Kf3 50.Kd2

[Event "Final Campeonato de Chile 2009-2010"]
[Site "Club de Ajedrez "]
[Date "2010-02-18"]
[Round "1"]
[White "Vasquez Schroder, Rodrigo"]
[Black "Romero Araya, Diego Alonso"]
[Result "1-0"]
[WhiteElo "2506"]
[BlackElo "2273"]

 1.e4 c6 2.d4 d5 3.exd5 cxd5 4.c4 Nf6 5.Nc3 Nc6 6.Bg5 e6 7.c5 Be7 8.Bb5 O-O 9.Nge2 Ne4 10.Bxe7 Nxe7 11.O-O f5 12.f3 Nxc3 13.Nxc3 f4 14.Qd2 Ng6 15.Bd3 Nh4 16.Rae1 b6 17.c6 a6 18.Re5 Ra7 19.Na4 g6 20.Rc1 Raf7 21.Qb4 b5 22.Nc5 Qf6 23.Qe1 Re7 24.b4 g5 25.Kh1 g4 26.Rh5 Nf5 27.fxg4 Nxd4 28.g5 Qh8 29.g6 Qf6 30.Rh6 Qg5 31.gxh7+ Kh8 32.Rg6 Qh5 33.g4 fxg3 34.Rxg3 Nxc6 35.Qg1 Ree8 36.Nxe6 Bxe6 37.Rxc6 Qe5 38.Qe3 Qxe3 39.Rxe3

[Event "Final Campeonato de Chile 2009-2010"]
[Site "Club de Ajedrez "]
[Date "2010-02-18"]
[Round "1"]
[White "Egger Mancilla, Jorge Alejandro"]
[Black "Alarcon Bahamondes, Roberto"]
[Result "0-1"]
[WhiteElo "2443"]
[BlackElo "2154"]

 1.e4 c6 2.d4 d5 3.Nd2 dxe4 4.Nxe4 Nd7 5.Bc4 Ngf6 6.Ng5 e6 7.Qe2 Nb6 8.Bd3 h6 9.N5f3 c5 10.dxc5 Bxc5 11.Ne5 O-O 12.Ngf3 Nbd5 13.Bd2 Nb4 14.Bxb4 Bxb4+ 15.c3 Bd6 16.O-O-O Qc7 17.Bc2 b6 18.g4 Bb7 19.Rhg1 Bxf3 20.Nxf3 Bxh2 21.Rg2 Bf4+ 22.Kb1 Rad8 23.g5 Rxd1+ 24.Qxd1 hxg5 25.Nxg5 Bxg5 26.Rxg5 Qh2 27.Qf3 Rd8 28.a4 Kf8 29.a5 Qc7 30.Qh3 bxa5 31.Qh8+ Ke7 32.Qh4 Kf8 33.Qh8+ Ke7 34.Qh4 g6 35.Bb3 Qb6 36.Qa4 Nd5 37.Qa3+ Kf6 38.f4 Nxf4 39.Qxa5 Qxa5 40.Rxa5 Rd7 41.Ba4 Rc7

[Event "Final Campeonato de Chile 2009-2010"]
[Site "Club de Ajedrez "]
[Date "2010-02-18"]
[Round "1"]
[White "Salinas Herrera, Pablo Patricio"]
[Black "Carrasco Miranda, Andres"]
[Result "0-1"]
[WhiteElo "2207"]
[BlackElo "2183"]

 1.e4 c5 2.Nf3 Nc6 3.d4 cxd4 4.Nxd4 e5 5.Nb5 d6 6.N1c3 a6 7.Na3 b5 8.Nd5 Nce7 9.c4 Nxd5 10.exd5 bxc4 11.Nxc4 Nf6 12.Be3 Rb8 13.Rc1 Be7 14.Ba7 Rb7 15.Qa4+ Bd7 16.Qxa6 Qa8 17.Nxd6+ Bxd6 18.Qxd6 Qxa7 19.Bd3 Qa5+ 20.Kf1 Qb6 21.Qxe5+ Kd8 22.b3 Qxf2+ 23.Kxf2 Ng4+ 24.Ke1 Nxe5 25.Be2 Bb5 26.Rc5 Bxe2 27.Kxe2 Re8 28.Kd2 Nd7 29.Ra5 Re5 30.Kd3 Rb4 31.Rc1 Rg4 32.g3 Rge4 33.Rc6 Re3+ 34.Kc4 Re2 35.Ra7 Rc2+ 36.Kd4 Rd2+ 37.Kc4 Rexd5 38.Kb4 Rxh2 39.a4 Rhd2 40.a5 R2d4+ 41.Ka3 Rd3 42.Ka4 Nc5+ 43.Kb4 Nxb3 44.Rb6 Ke8 45.a6 Nd4 46.Kc4 Ne6 47.Rb8+ Rd8 48.Raa8 Nc7 49.Rxd8+ Rxd8 50.Ra7 Kd7 51.Kc5 Rb8

[Event "Final Campeonato de Chile 2009-2010"]
[Site "Club de Ajedrez "]
[Date "2010-02-19"]
[Round "2"]
[White "Alarcon Bahamondes, Roberto"]
[Black "Salinas Herrera, Pablo Patricio"]
[Result "0-1"]
[WhiteElo "2154"]
[BlackElo "2207"]

 1.e4 e6 2.d4 d5 3.exd5 exd5 4.Bd3 Bd6 5.Ne2 Nc6 6.c3 Nge7 7.O-O Bg4 8.f3 Bh5 9.Bf4 Bg6 10.a4 Bxf4 11.Nxf4 Qd6 12.g3 O-O-O 13.Na3 h5 14.Bxg6 Nxg6 15.Nxg6 Qxg6 16.Qd2 Qf5 17.Rae1 Qd7 18.Nc2 Kb8 19.Ne3 Ne7 20.Ng2 Nf5 21.Qc2 g6 22.Nf4 Rhe8 23.Kf2 h4 24.g4 Qd6 25.Qd2 Ne3 26.Rxe3 Qxf4 27.Rh1 Re6 28.Re2 Rde8 29.Qxf4 Rxe2+ 30.Kf1 Re1+ 31.Kg2 R8e2+ 32.Kh3 Rxh1 33.Kxh4 Rhxh2+ 34.Kg5 Rh7 35.b4 Kc8 36.b5 Re6 37.a5 Rg7 38.Qh2 f6+ 39.Kf4 Rge7 40.Qh8+ Re8 41.Qh6 g5+ 42.Kg3 a6 43.bxa6 Rxa6 44.Qh7 Rd8 45.Qe7 Rad6 46.Kg2 Kb8 47.Kg3 R8d7 48.Qe8+ Ka7 49.Kg2 Rd8 50.Qe7 Rc8 51.Qe2 Rc6 52.Qb5 Rd8 53.Qb3 Rdd6 54.Kf2 Ka6 55.Qc2 Rc4 56.Qe2 Kxa5 57.Qa2+ Kb6 58.Qb3+ Ka7 59.Qa3+ Ra6 60.Qb3 Kb8 61.Qb5 Rxc3 62.Qxd5 Rd6 63.Qg8+ Ka7 64.Qa2+ Ra6 65.Qf7 Rc2+ 66.Ke3 Ra3+ 67.Ke4 c6 68.d5 Rc4+ 69.Kf5 Rc5 70.Kg6 Rxd5 71.Qxf6 Rad3 72.Qa1+ Kb8 73.Qh8+ Kc7 74.Qh2+ Kb6 75.Qf2+ Kc7 76.Qh2+ Rd6+ 77.Kf7 Rd5 78.Ke7 b5 79.f4 Rd2 80.Qg1 Rd7+ 81.Ke6 R2d6+ 82.Kf5 Rd5+ 83.Ke6 R7d6+ 84.Ke7 c5 85.f5 Re5+ 86.Kf7 Kd7 87.Qa1 Re7+ 88.Kf8 Re8+ 89.Kf7 Rc8 90.Qa7+ Rc7 91.Qa8 Rh6 92.Kg7 Rhc6 93.f6 Ke6+ 94.Kg6 Rc8 95.Qa2+ c4 96.Qe2+ Kd5 97.Kf5 Kc5 98.Qe7+ Kb6 99.f7 c3 100.f8=Q Rxf8+ 101.Qxf8 c2 102.Qd8+ Kb7 103.Qe7+ Rc7 104.Qe4+ Kb6 105.Qe6+ Rc6 106.Qe8 c1=Q 107.Qb8+ Kc5 108.Qa7+ Kc4 109.Qa2+ Kc3

[Event "Final Campeonato de Chile 2009-2010"]
[Site "Club de Ajedrez "]
[Date "2010-02-19"]
[Round "2"]
[White "Romero Araya, Diego Alonso"]
[Black "Egger Mancilla, Jorge Alejandro"]
[Result "0-1"]
[WhiteElo "2273"]
[BlackElo "2443"]

 1.e4 c5 2.Nf3 d6 3.d4 cxd4 4.Nxd4 Nf6 5.Nc3 a6 6.Bc4 e6 7.Bb3 Nbd7 8.f4 Nc5 9.e5 dxe5 10.fxe5 Nfd7 11.Bf4 b5 12.Qe2 Bb7 13.O-O-O Be7 14.Qg4 g6 15.Bh6 b4 16.Nxe6 fxe6 17.Bxe6 Qc7 18.Nd5 Bxd5 19.Rxd5 Nxe6 20.Qxe6 Rc8 21.Kb1 Rf8 22.Rhd1 Nc5 23.Qh3 Rf5 24.g4 Rxe5 25.Rxe5 Qxe5 26.Bc1 Rd8 27.Rxd8+ Kxd8 28.Qxh7 g5 29.h4 gxh4 30.g5 Qd4 31.g6 Bf6 32.Qg8+ Kd7 33.Qf7+ Kc6 34.Qe8+ Kb7

[Event "Final Campeonato de Chile 2009-2010"]
[Site "Club de Ajedrez "]
[Date "2010-02-19"]
[Round "2"]
[White "Mesias Rojas, Rabindranath"]
[Black "Vasquez Schroder, Rodrigo"]
[Result "0-1"]
[WhiteElo "2168"]
[BlackElo "2506"]

 1.d4 e6 2.c4 Nf6 3.Nc3 Bb4 4.e3 O-O 5.Ne2 d5 6.a3 Be7 7.c5 b6 8.b4 bxc5 9.bxc5 Ba6 10.f4 c6 11.Qa4 Bd3 12.Bd2 Qc7 13.Nc1 Bxf1 14.Rxf1 Nbd7 15.Nd3 a5 16.Rb1 Qc8 17.Nf2 Qa6 18.Qc2 Rab8 19.Qd3 Rxb1+ 20.Nxb1 Qa7 21.Ke2 Rb8 22.Kf3 h5 23.h3 h4 24.a4 Bxc5 25.Rc1 Bb4 26.Rxc6 Nb6 27.Qc2 Nc4 28.Nd3 Bf8 29.Bc1 Qb7

[Event "Final Campeonato de Chile 2009-2010"]
[Site "Club de Ajedrez "]
[Date "2010-02-19"]
[Round "2"]
[White "Rios Escobar, Adan Humberto"]
[Black "García Cardenas, Pablo"]
[Result "0-1"]
[WhiteElo "2305"]
[BlackElo "2324"]

 1.e4 d5 2.exd5 Nf6 3.Nf3 Nxd5 4.d4 Bg4 5.g3 Nc6 6.Bg2 g6 7.h3 Bxf3 8.Bxf3 Bg7 9.c3 Qd7 10.O-O O-O-O 11.Bg2 e5 12.dxe5 Bxe5 13.Nd2 h5 14.Nc4 h4 15.Nxe5 Nxe5 16.g4 f5 17.Bg5 fxg4 18.hxg4 h3 19.Be4 Qf7 20.Qe2 Nf6 21.Bxb7+ Kxb7 22.Qxe5 Nxg4 23.Qe4+ Qd5 24.Rae1 h2+ 25.Kg2 Nxf2 26.Qxd5+ Rxd5 27.Rxf2 h1=Q+

[Event "Final Campeonato de Chile 2009-2010"]
[Site "Club de Ajedrez "]
[Date "2010-02-19"]
[Round "2"]
[White "Páez Medina, Guillermo Alejandro"]
[Black "Calvo Salas, Pablo"]
[Result "1/2-1/2"]
[WhiteElo "2086"]
[BlackElo "2305"]

 1.e4 e5 2.Nf3 Nc6 3.Bc4 Nf6 4.Ng5 d5 5.exd5 b5 6.Bf1 Nd4 7.c3 Nxd5 8.cxd4 Qxg5 9.Bxb5+ Kd8 10.Qf3 Bb7 11.O-O Rb8 12.dxe5 Nb4 13.d4 Qg6 14.d5 Bxd5 15.Rd1 Rxb5 16.Nc3 Qc6 17.Bg5+ Kc8 18.Nxb5 Qxb5 19.Qf5+ Be6 20.Rd8+ Kb7 21.Qe4+ Qc6 22.Qe2 Nd5 23.b4 h6 24.b5 Qb6 25.Bd2 Qd4 26.Rc1 g5 27.Be3 Qxe5 28.Qc4 Bc5 29.Rxd5 Qxd5 30.Qxd5+ Bxd5 31.Bxc5 Bxa2 32.Ra1

[Event "Final Campeonato de Chile 2009-2010"]
[Site "Club de Ajedrez "]
[Date "2010-02-19"]
[Round "2"]
[White "López Silva, Hugo Andres"]
[Black "Valdés Escobar, Álvaro Daniel"]
[Result "1-0"]
[WhiteElo "2412"]
[BlackElo "2361"]

 1.e4 c5 2.Nf3 d6 3.d4 cxd4 4.Nxd4 Nf6 5.Nc3 a6 6.Be3 e6 7.g4 h6 8.Bg2 Qc7 9.h4 h5 10.gxh5 Rxh5 11.Qe2 Bd7 12.O-O-O Nc6 13.Nxc6 bxc6 14.Bg5 Rh8 15.h5 Be7 16.f4 Qa5 17.Qd2 Rd8 18.Kb1 Qc5 19.Qe2 Rb8 20.Rd3 a5 21.e5 dxe5 22.fxe5 Nd5 23.Ne4 Qb5 24.b3 f6 25.exf6 gxf6 26.Bc1 f5 27.Ng3 Bf6 28.Bxd5 cxd5 29.Nxf5 Kd8 30.Nd6 Qc6 31.Nf7+ Ke7 32.Nxh8 Rxh8 33.Rf1

[Event "Final Campeonato de Chile 2009-2010"]
[Site "Club de Ajedrez "]
[Date "2010-02-20"]
[Round "3"]
[White "Calvo Salas, Pablo"]
[Black "López Silva, Hugo Andres"]
[Result "1/2-1/2"]
[WhiteElo "2305"]
[BlackElo "2412"]

 1.e4 e5 2.Nf3 Nc6 3.Bb5 a6 4.Ba4 Nf6 5.O-O b5 6.Bb3 Be7 7.Re1 d6 8.c3 O-O 9.h3 Bb7 10.d3 Na5 11.Bc2 c5 12.Nbd2 Re8 13.Nf1 h6 14.N3h2 Bf8 15.Ng4 d5 16.exd5 Nxg4

[Event "Final Campeonato de Chile 2009-2010"]
[Site "Club de Ajedrez "]
[Date "2010-02-20"]
[Round "3"]
[White "García Cardenas, Pablo"]
[Black "Páez Medina, Guillermo Alejandro"]
[Result "1-0"]
[WhiteElo "2324"]
[BlackElo "2086"]

 1.e4 e5 2.Nf3 Nc6 3.Bb5 a6 4.Ba4 Nf6 5.O-O Nxe4 6.d4 b5 7.Bb3 d5 8.dxe5 Be6 9.c3 Bc5 10.Nbd2 O-O 11.Qe2 Bf5 12.Nxe4 dxe4 13.Rd1 exf3 14.Qxf3 Bd7 15.Qg3 Qe8 16.Rd5 Bb6 17.Bh6 g6 18.Qg5 Ne7 19.Qf6 Nf5 20.Bxf8 Be6 21.g4 Qxf8 22.gxf5 Bxf2+ 23.Kf1 Bxd5 24.Bxd5

[Event "Final Campeonato de Chile 2009-2010"]
[Site "Club de Ajedrez "]
[Date "2010-02-20"]
[Round "3"]
[White "Vasquez Schroder, Rodrigo"]
[Black "Rios Escobar, Adan Humberto"]
[Result "1-0"]
[WhiteElo "2506"]
[BlackElo "2305"]

 1.d4 Nf6 2.c4 g6 3.g3 Bg7 4.Bg2 O-O 5.Nc3 d6 6.Nf3 Nbd7 7.O-O e5 8.e4 Re8 9.h3 b6 10.Re1 Bb7 11.Rb1 exd4 12.Nxd4 Nc5 13.f3 d5 14.b4 Ncd7 15.c5 bxc5 16.bxc5 Nxc5 17.e5 Nfd7 18.Rxb7 Nxb7 19.Nc6 Bxe5 20.Nxd8

[Event "Final Campeonato de Chile 2009-2010"]
[Site "Club de Ajedrez "]
[Date "2010-02-20"]
[Round "3"]
[White "Egger Mancilla, Jorge Alejandro"]
[Black "Mesias Rojas, Rabindranath"]
[Result "1/2-1/2"]
[WhiteElo "2443"]
[BlackElo "2168"]

 1.e4 e5 2.Nf3 Nf6 3.Nxe5 d6 4.Nf3 Nxe4 5.c4 Be7 6.d4 d5 7.Bd3 Nc6 8.O-O Nb4 9.Be2 O-O 10.Nc3 Bf5 11.a3 Nxc3 12.bxc3 Nc6 13.Re1 Re8 14.Bf4 dxc4 15.Bxc4 Bd6 16.Ne5 Bxe5 17.dxe5 Qxd1 18.Raxd1 Be6 19.Bb5 Red8 20.f3 Ne7 21.Bf1 h6 22.c4 Nc6 23.Rb1 Rab8 24.Be3 b6 25.c5 Ne7 26.Rec1 Nd5 27.Bf2 Bf5 28.Rb2 Nf4 29.cxb6 cxb6 30.Rb3 Rbc8 31.Be3 Rxc1 32.Bxc1 Nd3 33.Bxd3 Rxd3 34.Rxd3 Bxd3

[Event "Final Campeonato de Chile 2009-2010"]
[Site "Club de Ajedrez "]
[Date "2010-02-20"]
[Round "3"]
[White "Salinas Herrera, Pablo Patricio"]
[Black "Romero Araya, Diego Alonso"]
[Result "1-0"]
[WhiteElo "2207"]
[BlackElo "2273"]

 1.e4 c6 2.d4 d5 3.exd5 cxd5 4.c4 Nf6 5.Nc3 Nc6 6.Bg5 e6 7.c5 Be7 8.Bb5 O-O 9.Nge2 e5 10.O-O Be6 11.dxe5 Ng4 12.Bxc6 bxc6 13.Bxe7 Qxe7 14.Qd4 Rab8 15.h3 Nh6 16.Ng3 Rxb2 17.Nxd5 Qb7 18.Ne7+ Kh8 19.Nxc6 Rc8 20.Nd8 Qb5 21.Rac1 Bxa2 22.c6

[Event "Final Campeonato de Chile 2009-2010"]
[Site "Club de Ajedrez "]
[Date "2010-02-20"]
[Round "3"]
[White "Carrasco Miranda, Andres"]
[Black "Alarcon Bahamondes, Roberto"]
[Result "1/2-1/2"]
[WhiteElo "2183"]
[BlackElo "2154"]

 1.Nf3 Nf6 2.c4 e6 3.d4 b6 4.a3 Bb7 5.Nc3 d5 6.Bg5 Be7 7.Bxf6 Bxf6 8.cxd5 exd5 9.Qa4+ Nd7 10.g3 O-O 11.Bh3 Nb8 12.O-O Nc6 13.Rfd1 Na5 14.Qc2 Re8 15.Rac1 Nc4 16.e3 Qe7 17.Bg2 Rad8 18.Nb1 c6 19.Nbd2 Nd6 20.b4 Ra8 21.a4 g6 22.Qb3 Kg7 23.Rc2 b5 24.axb5 cxb5 25.Rc5 a6 26.Ne1 Nc4 27.Nd3 Qd7 28.Nf4 Be7 29.Rxd5 Bxd5 30.Bxd5 Rab8 31.Nxc4 bxc4 32.Qxc4 Rxb4 33.Qxa6 Qc7 34.Qa2

[Event "Final Campeonato de Chile 2009-2010"]
[Site "Club de Ajedrez "]
[Date "2010-02-20"]
[Round "4"]
[White "Romero Araya, Diego Alonso"]
[Black "Carrasco Miranda, Andres"]
[Result "1/2-1/2"]
[WhiteElo "2273"]
[BlackElo "2183"]

 1.e4 c5 2.Nf3 Nc6 3.Bc4 e6 4.O-O d5 5.exd5 exd5 6.Re1+ Be7 7.Bb5 Nf6 8.d4 O-O 9.Bxc6 bxc6 10.Ne5 Bd7 11.Bg5 Re8 12.dxc5 Rb8 13.Nd2 Bxc5 14.Nb3 Be7 15.Qf3 h6 16.Bh4 Rb4 17.Bg3 Qc8 18.Re2 Be6 19.Qc3 c5 20.Nd3 Re4 21.Nf4 Rxe2 22.Nxe2 Ne4 23.Qa5 Qb7 24.Nc3 Nxg3 25.hxg3 Qb6 26.Rd1 Rd8 27.Na4 Qxa5 28.Nxa5 Rc8 29.Nb3 d4 30.Na5 Bd7 31.b3 Bxa4 32.bxa4 Rb8 33.Nc6 Rb7 34.Rd3 Bd6 35.Rb3 Rc7 36.Na5 c4 37.Rb1 Rc5 38.Nb7 Rc6 39.Nxd6 Rxd6 40.Kf1 Rb6 41.Rb5 Kf8

[Event "Final Campeonato de Chile 2009-2010"]
[Site "Club de Ajedrez "]
[Date "2010-02-20"]
[Round "4"]
[White "Mesias Rojas, Rabindranath"]
[Black "Salinas Herrera, Pablo Patricio"]
[Result "0-1"]
[WhiteElo "2168"]
[BlackElo "2207"]

 1.d4 d5 2.c4 c6 3.Nc3 Nf6 4.e3 e6 5.Nf3 Nbd7 6.Qc2 Bd6 7.g4 Bb4 8.Bd2 Qe7 9.Bd3 Bxc3 10.Bxc3 Nxg4 11.Rg1 f5 12.O-O-O g6 13.h3 Ngf6 14.Qb3 Ne4 15.Bb4 Qf6 16.Bxe4 fxe4 17.Nd2 b5 18.cxb5 cxb5 19.Rg4 a5 20.Rf4 Qg7 21.Nxe4 dxe4 22.Qxe6+ Kd8 23.Rf7 Qxf7 24.Qxf7 axb4 25.Kb1 Ra6 26.Qd5 Re8 27.Rc1 h6 28.Qxb5 Rb6 29.Qc4 Ba6 30.Qc7+ Ke7 31.Qf4 Bd3+ 32.Ka1 g5 33.Qg4 Rd6 34.h4 Ra8 35.Rc7 b3 36.a3 Kd8 37.Rc1 Rb6 38.Qd1 gxh4 39.Qg1 Nf6 40.d5 h3 41.Rd1 Bc2 42.Qg7 Bxd1 43.Qf8+ Ne8

[Event "Final Campeonato de Chile 2009-2010"]
[Site "Club de Ajedrez "]
[Date "2010-02-20"]
[Round "4"]
[White "Rios Escobar, Adan Humberto"]
[Black "Egger Mancilla, Jorge Alejandro"]
[Result "0-1"]
[WhiteElo "2305"]
[BlackElo "2443"]

 1.e4 c5 2.Nf3 d6 3.d4 cxd4 4.Nxd4 Nf6 5.Nc3 a6 6.Bg5 e6 7.f4 Qc7 8.Qf3 b5 9.Bd3 b4 10.Nce2 Nbd7 11.O-O Bb7 12.Kh1 Be7 13.c3 bxc3 14.Nxc3 Qb6 15.Nb3 h6 16.Bh4 O-O 17.Bf2 Qd8 18.Rad1 Re8 19.Qe2 e5 20.Bg3 exf4 21.Bxf4 Bf8 22.Bc2 Qb6 23.Qf3 Ne5 24.Qh3 Bc8 25.Be3 Bxh3 26.Bxb6 Bg4 27.Rd4 Rac8 28.Bd1 Nc4 29.Rxc4 Rxc4 30.Bc2 Nd7 31.Bg1 Ne5 32.Nd4 Rcc8 33.Ba4 Bd7 34.Bb3 Nc4 35.Rf3 a5 36.a3 Ne5 37.Rg3 Kh8 38.Be3 Be7 39.Nf5 Bxf5 40.exf5 Bh4 41.Rh3 Ng4 42.Rxh4 Rxe3 43.g3 Rb8 44.Na4 Rbxb3 45.Rxg4 Re2 46.Rd4 Rf3 47.Kg1 Rxf5 48.Rxd6 Rff2 49.h3 Rg2+ 50.Kf1 Ref2+ 51.Ke1 Rc2 52.Kd1 Rcf2 53.Ke1 Rh2 54.Rd3 Rfg2 55.Kf1 Rc2 56.Kg1 Rxh3 57.b4 Rh5 58.Nc3 axb4 59.axb4 Rb2 60.Rd4 Re5 61.Kf1 Rf5+ 62.Ke1 Rf3 63.Nd1 Rb1

[Event "Final Campeonato de Chile 2009-2010"]
[Site "Club de Ajedrez "]
[Date "2010-02-20"]
[Round "4"]
[White "Páez Medina, Guillermo Alejandro"]
[Black "Vasquez Schroder, Rodrigo"]
[Result "0-1"]
[WhiteElo "2086"]
[BlackElo "2506"]

 1.e4 e6 2.d4 d5 3.Nc3 Bb4 4.Ne2 Nc6 5.a3 Ba5 6.b4 Bb6 7.e5 f6 8.exf6 Qxf6 9.Be3 Nh6 10.Qd2 O-O 11.Rd1 Ng4 12.Nf4 Nxe3 13.fxe3 Bxd4 14.Nfxd5 exd5 15.exd4 Bg4

[Event "Final Campeonato de Chile 2009-2010"]
[Site "Club de Ajedrez "]
[Date "2010-02-20"]
[Round "4"]
[White "Valdés Escobar, Álvaro Daniel"]
[Black "Calvo Salas, Pablo"]
[Result "1/2-1/2"]
[WhiteElo "2361"]
[BlackElo "2305"]

 1.d4 d5 2.c4 e6 3.Nc3 Be7 4.Nf3 Nf6 5.g3 O-O 6.Bg2 b6 7.O-O c6 8.Ne5 Nfd7 9.Nxd7 Nxd7 10.Qa4 Bb7 11.Bf4 a6 12.e4 b5 13.cxb5 cxb5 14.Qb3 dxe4 15.Nxe4 Bd5 16.Qe3 Nf6 17.Rac1 Ra7 18.a3 Nxe4 19.Bxe4 Rd7 20.Bxd5 Rxd5 21.Be5 Bd6 22.Rc6

[Event "Final Campeonato de Chile 2009-2010"]
[Site "Club de Ajedrez "]
[Date "2010-02-21"]
[Round "5"]
[White "García Cardenas, Pablo"]
[Black "Valdés Escobar, Álvaro Daniel"]
[Result "0-1"]
[WhiteElo "2324"]
[BlackElo "2361"]

 1.e4 c5 2.Nf3 d6 3.d4 cxd4 4.Nxd4 Nf6 5.Nc3 a6 6.Be3 e5 7.Nb3 Be6 8.Qd2 Nbd7 9.O-O-O b5 10.a3 Rc8 11.Kb1 Nb6 12.Bxb6 Qxb6 13.f3 Be7 14.g4 O-O 15.h4 d5 16.Bd3 d4 17.Ne2 Nd7 18.Ng3 b4 19.a4 Qc6 20.a5 Qa4 21.Nf5 Rfe8 22.Bxa6 Nc5 23.Bxc8 Nxb3 24.cxb3 Bxb3 25.Qd3 Qa2+ 26.Kc1 Rxc8+ 27.Kd2 Qxb2+ 28.Ke1 Bf8 29.Rb1 Rc1+ 30.Rxc1 Qxc1+ 31.Ke2 Qxh1 32.Qxb3 g6 33.Ng3 Qg2+ 34.Kd3 Qxg3 35.Kc4 Qe1 36.Kb5 Qc3

[Event "Final Campeonato de Chile 2009-2010"]
[Site "Club de Ajedrez "]
[Date "2010-02-21"]
[Round "5"]
[White "Egger Mancilla, Jorge Alejandro"]
[Black "Páez Medina, Guillermo Alejandro"]
[Result "1-0"]
[WhiteElo "2443"]
[BlackElo "2086"]

 1.e4 e5 2.Nf3 Nc6 3.Bb5 f5 4.d3 fxe4 5.dxe4 Nf6 6.O-O d6 7.Qd3 Bd7 8.Nc3 a6 9.Bc4 b5 10.Bb3 Na5 11.Nd5 c6 12.Ne3 Nb7 13.Nf5 Bxf5 14.exf5 Nc5 15.Qe2 Qd7 16.Nd4 Nxb3 17.axb3 Kf7 18.Ne6 g6 19.f4 gxf5 20.Ng5+ Kg6 21.fxe5 dxe5 22.Nf3 Bc5+ 23.Be3 Qa7 24.Nh4+ Kf7 25.Nxf5 Ke6 26.Kh1 Rhg8 27.Rad1 Rad8 28.Rxd8 Rxd8 29.Qf3 Rd5 30.c4 bxc4 31.bxc4 Rd3 32.Qxc6+

[Event "Final Campeonato de Chile 2009-2010"]
[Site "Club de Ajedrez "]
[Date "2010-02-21"]
[Round "5"]
[White "Salinas Herrera, Pablo Patricio"]
[Black "Rios Escobar, Adan Humberto"]
[Result "1-0"]
[WhiteElo "2207"]
[BlackElo "2305"]

 1.Nf3 c5 2.e4 d6 3.d4 cxd4 4.Nxd4 Nf6 5.f3 e5 6.Bb5+ Nbd7 7.Ne2 a6 8.Bxd7+ Bxd7 9.Be3 Be6 10.Nbc3 Be7 11.a4 O-O 12.a5 Rc8 13.f4 Qc7 14.f5 Bc4 15.Ng3 Qc6 16.Bg5 d5 17.Bxf6 Qxf6 18.Nxd5 Bxd5 19.exd5 Rc4 20.c3 Qh4 21.Qe2 Rd8 22.Rd1 Rg4 23.Qf2 Rf4 24.Qb6 Rd7 25.Rd2 Rxf5 26.Kd1 Qa4+ 27.b3 Qa3 28.Nxf5 Bc5 29.Ne7+ Kf8 30.Ra2 Qxa2 31.Qxc5 Ke8 32.Re1 f6 33.Nc8 Qxb3+ 34.Ke2 Qxd5 35.Qxd5 Rxd5 36.Ra1 Rc5 37.Nd6+ Kd7 38.Ne4 Rb5 39.Ra2 Rb1 40.Nd2 Rh1 41.Nf1 g5 42.Kf2 h5 43.g3

[Event "Final Campeonato de Chile 2009-2010"]
[Site "Club de Ajedrez "]
[Date "2010-02-21"]
[Round "5"]
[White "Carrasco Miranda, Andres"]
[Black "Mesias Rojas, Rabindranath"]
[Result "1/2-1/2"]
[WhiteElo "2183"]
[BlackElo "2168"]

 1.Nf3 d5 2.d4 Nf6 3.c4 e6 4.g3 Be7 5.Bg2 O-O 6.O-O dxc4 7.Qc2 a6 8.Qxc4 b5 9.Qc2 Bb7 10.Bd2 Nbd7 11.Ba5 Bd6 12.Nbd2 Rc8 13.b4 Qe7 14.a3 c6 15.Nb3 Bb8 16.Nc5 Nxc5 17.dxc5 Bc7 18.Bxc7 Qxc7 19.Rfd1 Rfd8 20.Rxd8+ Rxd8 21.Rd1 Rxd1+ 22.Qxd1 Qd7 23.Qd6 Qxd6 24.cxd6 Kf8 25.Ne5 Ke8 26.Nd3 Nd7 27.f4 Ba8 28.Kf2 Nb6 29.Ne5 f6 30.Nxc6 Kd7 31.Nb8+ Kxd6 32.Bxa8 Nxa8 33.Nxa6 Kd5 34.Nc5 Nc7 35.Ke3 Kc4 36.Ke4 g6 37.g4 Nd5 38.Nxe6 Nc3+ 39.Kf3 Nb1 40.Nf8 Nxa3 41.Nxh7 Nc2 42.Nxf6 Kxb4 43.h4 Nd4+ 44.Ke3 Kc4 45.Ne4 b4 46.Nd6+ Kd5 47.h5 gxh5 48.gxh5 b3 49.Ne4 Nc2+ 50.Kd2 Kxe4 51.h6 Na3 52.Kc1 b2+ 53.Kxb2 Nc4+ 54.Kc3 Nd6 55.h7 Nf7 56.Kc4 Nh8 57.Kc5 Kxf4 58.Kd5 Kf5

[Event "Final Campeonato de Chile 2009-2010"]
[Site "Club de Ajedrez "]
[Date "2010-02-21"]
[Round "5"]
[White "Alarcon Bahamondes, Roberto"]
[Black "Romero Araya, Diego Alonso"]
[Result "1-0"]
[WhiteElo "2154"]
[BlackElo "2273"]

 1.e4 c6 2.d4 d5 3.e5 c5 4.c4 Nc6 5.Nf3 cxd4 6.Nxd4 e6 7.Nc3 Bb4 8.Nxc6 bxc6 9.Qa4 Rb8 10.cxd5 Qxd5 11.Qxb4 Rxb4 12.Nxd5 cxd5 13.f3 Ne7 14.b3 Bd7 15.Ba3 Rb8 16.Rc1 Rc8 17.Rxc8+ Bxc8 18.Kd2 Nc6 19.Bb5 Bb7 20.Bd6 Kd7 21.Rc1 Rc8 22.b4 Kd8 23.Bd3 Kd7 24.a4 Nd4 25.Rxc8 Kxc8 26.Bxh7 Kd7 27.Bd3 a6 28.Bf8 g6 29.Ke3 Nf5+ 30.Kf4 Nd4 31.Bc5 Nb3 32.Bf2 Nc1 33.Bc2 Na2 34.Be1 d4 35.Bb3 Nc1 36.Bc4 Bd5 37.Bxa6 Bc6 38.a5 Bd5 39.h4 Ke7 40.Bf2 Nb3 41.Bd3 f5 42.Bc2 Nc1 43.Bxd4

[Event "Final Campeonato de Chile 2009-2010"]
[Site "Club de Ajedrez "]
[Date "2010-02-22"]
[Round "6"]
[White "Mesias Rojas, Rabindranath"]
[Black "Alarcon Bahamondes, Roberto"]
[Result "1/2-1/2"]
[WhiteElo "2168"]
[BlackElo "2154"]

 1.d4 Nf6 2.c4 e6 3.Nc3 d5 4.cxd5 Nxd5 5.e4 Nxc3 6.bxc3 Be7 7.Nf3 O-O 8.Bd3 b6 9.O-O c5 10.Qe2 Bb7 11.Rd1 Nc6 12.dxc5 bxc5 13.Bf4 Qc8 14.Rab1 Rd8 15.h3 g6 16.Kh2 e5 17.Bg3 f6 18.Bc4+ Kg7 19.Bd5 Qc7 20.Qb5 Rab8 21.Qa4 Ba8 22.Nd2 f5 23.f3 f4 24.Bf2 Rxb1 25.Rxb1 h5 26.Nc4 g5 27.Rb5 g4 28.hxg4 hxg4 29.fxg4 Rh8+ 30.Kg1 Bh4 31.Bxh4 Rxh4 32.Bxc6 Bxc6 33.Qa5 Qe7 34.Rxc5 Rh1+

[Event "Final Campeonato de Chile 2009-2010"]
[Site "Club de Ajedrez "]
[Date "2010-02-22"]
[Round "6"]
[White "Rios Escobar, Adan Humberto"]
[Black "Carrasco Miranda, Andres"]
[Result "1-0"]
[WhiteElo "2305"]
[BlackElo "2183"]

 1.e4 c5 2.Nf3 Nc6 3.d4 cxd4 4.Nxd4 Nf6 5.Nc3 e5 6.Ndb5 d6 7.a4 a6 8.Na3 Bg4 9.f3 Be6 10.Bc4 Be7 11.Be3 Rc8 12.O-O O-O 13.Bd5 Bxd5 14.Nxd5 Nxd5 15.Qxd5 Bg5 16.Bxg5 Qxg5 17.c3 Ne7 18.Qd3 Rcd8 19.c4 f5 20.Rad1 Ng6 21.Qd2 Qxd2 22.Rxd2 fxe4 23.fxe4 Nf4 24.Rfd1 Ne6 25.Rxd6 Nd4 26.Rxd8 Rxd8 27.Kf2 Rd6 28.g3 Rb6 29.Rd2 Rb4 30.a5 Kf7 31.Kg2 Rb3 32.Rf2+ Ke6 33.Nb1 Rb4 34.Nc3 Rxc4 35.Nd5 Rc2 36.Ne3 Rxf2+ 37.Kxf2 Nb3 38.Nc4 Nc5 39.Ke3 Nd7 40.b3 Nb8 41.Kd3 Nc6 42.Kc3 Nb8 43.Kb4 Nd7 44.Nd2 Kd6 45.Kc4 Nf6 46.b4 Kc6 47.Nf3 Nxe4 48.Nxe5+ Kd6 49.Nf7+ Ke7 50.Ne5 Kd6 51.Kd4 Nf6 52.Nf7+ Ke7 53.Ng5 Kd6 54.Kc4 h6 55.Nf7+ Ke7 56.Ne5 Kd6 57.Nd3 Kc6 58.Nf4 Ne4 59.Ne6 Nd6+ 60.Kb3 Ne8 61.Kc4 Nd6+ 62.Kd4 Ne8 63.Nc5 Nf6 64.Ne6 Ne8 65.Ke5 Nf6 66.Nd4+ Kd7 67.h3 Ke7 68.Nf5+

[Event "Final Campeonato de Chile 2009-2010"]
[Site "Club de Ajedrez "]
[Date "2010-02-22"]
[Round "6"]
[White "Páez Medina, Guillermo Alejandro"]
[Black "Salinas Herrera, Pablo Patricio"]
[Result "0-1"]
[WhiteElo "2086"]
[BlackElo "2207"]

 1.e4 e6 2.d4 d5 3.Nc3 Bb4 4.Ne2 Nc6 5.a3 Ba5 6.e5 f6 7.Nf4 fxe5 8.Qh5+ Kf8 9.dxe5 Qe8 10.Qe2 Nh6 11.Nd3 Nf5 12.Bd2 Ncd4 13.Qd1 Kf7 14.Ne2 Bb6 15.Nxd4 Nxd4 16.c3 Nf5 17.Qf3 Kg8 18.g4 Ne7 19.Qg3 Bd7 20.f4 h5 21.O-O-O hxg4 22.Qxg4 Nf5 23.Re1 Rh4 24.Qg2 d4 25.Be2 dxc3 26.Bxc3 Rh6 27.Qg4 Rd8 28.Qg5 Bc6 29.Rhg1 Be3+ 30.Kb1 Be4 31.Rd1 Bxg1